1485 1176 1777 1930 1270 1787 1323 1872 1986 1977 1322 1223 1755 1765 1017 1510 1391 1397 1424 1043 1595 1573 1369 1348 1644 1228 1278 1043 1861 1924 1873 1381 1120 1432 1104 1239 1307 1618 1257 1031 1289 1868 1712 1601 1719 1451 1958 1856 1610 1622 1765 1415 1673 1749 1998 1832 1040 1856 1610 1325 1981 1921 1608 1015 1064 1933 1499 1901 1380 1102 1429 1665 1634 1222 1977 1573 1323 1896 1269 1148 1549 1163 1428 1220 1714 1185 1258 1614 1371 1136 1383 1305 1202 1637 1112 1806 1867 1709 1034 BCNSPRNW ULIB Ver.6.0+V

เปลี่ยนเป็นภาษาไทย

Change to English
 แสดงรายละเอียดบรรณานุกรม
  กลับหน้าหลัก

Brief Record : Get Marc (ISO 2709) : E-mail record : QR code < ปิดหน้าต่าง
LEADER : 00000nam 2200000uu 4500
001    13399109745
003     ULIB
008    110410s2543||||th 000 0 tha d
020    9746646265
060 04 WC100^bร884ร 2543
245 00 โรคติดเชื้อที่ปรากฏขึ้นใหม่และโรคติดเชื้อที่ปรากฏขึ้นอีก 1=^bEmerging and reemerging infectious diseases 1 /^cบรรณาธิการ ศศิธร ลิขิตนุกูล ... [และคนอื่นๆ]
246 31 Emerging and reemerging infectious diseases 1
250    พิมพ์ครั้งที่ 1
260    กรุงเทพฯ :^bสมาคมโรคติดเชื้อแห่งประเทศไทย,^c2543
300    x, 190 หน้า :^bภาพประกอบ 21 ซม.
504    บรรณานุกรม
650  2 Infectious Diseases
650  7 โรคติดเชื้อ
650  7 โรคติดต่อ
700 0  ศศิธร ลิขิตนุกูล,^eบรรณาธิการ
710 2  สมาคมโรคติดเชื้อแห่งประเทศไทย
945    ^p250^l0^i014658
945    ^p250^l0^i014656
945    ^p250^l0^i014657
995    ทศพร
999 ^a ใช้งานได้ทุกระบบ
รายการนี้ยังไม่มีแท็ก
คุณยังไม่ได้ล็อกอิน คุณสามารถมีกิจกรรมร่วมกับเว็บไซต์ได้ แต่ต้องล็อกอินก่อน ::
  ล็อกอิน

รายการสื่อสารสนเทศ

ลำดับที่ ประเภท เลขเรียก/บาร์โค้ด สถานที่ สถานะ
1. วิทยาศาสตร์การแพทย์ และสุขภาพ
วิทยาศาสตร์การแพทย์ และสุขภาพ
WC100 ร884ร 2543 ฉ.2 
  Barcode: 014657
ห้องสมุดวิทยาเขตสวรรค์ประชารักษ์
►ส่วนจัดเก็บหนังสือเก่า สปร
บนชั้น
  ขอยืม

รายการใกล้เคียง
    หัวเรื่อง [Infectious Diseases]
    หัวเรื่อง [โรคติดเชื้อ]
    หัวเรื่อง [โรคติดต่อ]

BibComment


ยังไม่เคยถูกคอมเมนท์

คอมเมนท์ทรัพยากรรายการนี้
  คอมเมนท์: โรคติดเชื้อที่ปรา..


 Copyright 2026. Bcnsprnw @Library